Statistics for Top 100 All-Time Road Cyclists

Click here to take the quiz!

General Stats

  • This quiz has been taken 26 times
  • The average score is 37 of 100

Answer Stats

RANKINGNAMENATIONALITYACTIVE% Correct
1Eddy MerckxBELNo
100%
37Tadej PogačarSLOYes
96%
16Peter SaganSVKYes
87%
29Alberto ContadorESPNo
83%
4Bernard HinaultFRANo
83%
31Fabian CancellaraSUINo
83%
24Mark CavendishGBRYes
83%
38Chris FroomeGBRYes
78%
19Miguel IndurainESPNo
74%
30Primož RogličSLOYes
74%
26Tom BoonenBELNo
74%
91Wout Van AertBELYes
74%
6Alejandro ValverdeESPNo
70%
11Fausto CoppiITANo
70%
7Jacques AnquetilFRANo
70%
93Julian AlaphilippeFRAYes
70%
68Nairo QuintanaCOLYes
70%
95Adrie Van Der PoelNEDNo
65%
80Greg LemondUSANo
65%
83Cadel EvansAUSNo
61%
10Gino BartaliITANo
61%
9Laurent JalabertFRANo
61%
36Vincenzo NibaliITANo
61%
84Jan UllrichGERNo
57%
21Raymond PoulidorFRANo
57%
2Sean KellyIRLNo
57%
76Alexandre VinokourovKAZNo
52%
54Laurent FignonFRANo
52%
56Stephen RocheIRLNo
52%
45Alexander KristoffNORYes
48%
59Greg Van AvermaetBELYes
48%
25Mario CipolliniITANo
48%
17Tony RomingerSUINo
48%
34André GreipelGERNo
43%
88Edvald Boasson HagenNORYes
43%
18Erik ZabelGERNo
43%
28Philippe GilbertBELNo
43%
97Thor HushovdNORNo
43%
46Alex ZülleSUINo
39%
77Delio RodríguezESPNo
39%
52Joaquim RodríguezESPNo
39%
15Joop ZoetemelkNEDNo
39%
5Roger De VlaeminckBELNo
39%
33Alessandro PetacchiITANo
35%
35Ferdinand KüblerSUINo
35%
3Francesco MoserITANo
35%
74Hugo KobletSUINo
35%
50Jan RaasNEDNo
35%
94Marino BassoITANo
35%
53Óscar FreireESPNo
35%
8Rik Van LooyBELNo
35%
48Robbie McEwenAUSNo
35%
81Tony MartinGERNo
35%
78Bernard ThévenetFRANo
30%
96Federico BahamontesESPNo
30%
14Felice GimondiITANo
30%
40Johan MuseeuwBELNo
30%
32Louison BobetFRANo
30%
66Arnaud DémareFRAYes
26%
13Freddy MaertensBELNo
26%
51Gianni BugnoITANo
26%
55Jan JanssenNEDNo
26%
43Luis OcañaESPNo
26%
47Paolo BettiniITANo
26%
20Alfredo BindaITANo
22%
69Claudio ChiappucciITANo
22%
82Elia VivianiITAYes
22%
12Giuseppe SaronniITANo
22%
73Phil AndersonAUSNo
22%
87André DarrigadeFRANo
17%
23Costante GirardengoITANo
17%
65Gerrie KnetemannNEDNo
17%
79Maurizio FondriestITANo
17%
71Michele BartoliITANo
17%
67Moreno ArgentinITANo
17%
58Rik Van SteenbergenBELNo
17%
85Rolf SørensenDENNo
17%
27Davide RebellinITANo
13%
86Gianni MottaITANo
13%
39Herman Van SpringelBELNo
13%
70Rudi AltigGERNo
13%
99Danilo Di LucaITANo
9%
44Domingo PerurenaESPNo
9%
63Eric VanderaerdenBELNo
9%
41Fiorenzo MagniITANo
9%
75Francesco CasagrandeITANo
9%
62Learco GuerraITANo
9%
72Nicolas FrantzLUXNo
9%
49Walter GodefrootBELNo
9%
64Charly MottetFRANo
4%
22Franco BitossiITANo
4%
100Gaetano BelloniITANo
4%
60Gianbattista BaronchelliITANo
4%
61Marino LejarretaESPNo
4%
89Michele DancelliITANo
4%
42Miguel PobletESPNo
4%
57Frans VerbeeckBELNo
0%
90María Lasa MiguelESPNo
0%
98Mariano CañardoESPNo
0%
92Pierino GavazziITANo
0%

Score Distribution

Percentile by Number Answered

Percent of People with Each Score

Your Score History

You have not taken this quiz